Report on the situation of human rights in Guatemala January 1991 /
El documento consiste en un informe acerca de la situación de los derechos humanos en Guatemala, como lo son derechos de primera generación civiles y políticos, derechos de segunda generación económicos, sociales y políticos y las violaciones del derecho humanitario.
Gespeichert in:
| Körperschaft: | |
|---|---|
| Format: | Text |
| Veröffentlicht: |
México:
CDHG
1991
|
| Schlagworte: | |
| Tags: |
Tag hinzufügen
Keine Tags, Fügen Sie den ersten Tag hinzu!
|
MARC
| LEADER | 00000 a a2200000 04500 | ||
|---|---|---|---|
| 001 | 20924 | ||
| 003 | cru CIDCACS/IIS | ||
| 005 | 20230619102705.0 | ||
| 008 | 210908b1991 Mx ||||| |||| 00| 0 en d | ||
| 040 | |c CRAIS/IIS | ||
| 090 | |a 04.02.01 C733in 1991 | ||
| 110 | |a Comisión de Derechos Humanos de Guatemala | ||
| 245 | |a Report on the situation of human rights in Guatemala |b January 1991 / |c Comisión de Derechos Humanos de Guatemala (CDHG) | ||
| 260 | |a México: |b CDHG |c 1991 | ||
| 300 | |a 62 páginas | ||
| 500 | |a El documento tiene una versión en español, con el código # 23095. | ||
| 520 | |a El documento consiste en un informe acerca de la situación de los derechos humanos en Guatemala, como lo son derechos de primera generación civiles y políticos, derechos de segunda generación económicos, sociales y políticos y las violaciones del derecho humanitario. | ||
| 650 | 0 | |9 10297 |a DERECHOS HUMANOS COLECTIVOS | |
| 650 | 0 | |9 7386 |a VIOLACION A LOS DERECHOS HUMANOS | |
| 650 | 0 | |9 1527 |a TORTURA | |
| 650 | 0 | |9 2860 |a REFUGIADOS | |
| 650 | 0 | |9 7019 |a HOMICIDIO | |
| 650 | 0 | |9 844 |a DESAPARECIDOS | |
| 942 | |2 ddc |c LI |i 04.02.01 C733in 1991 |h 23096 |6 23096_040201_C733IN_1991 | ||
| 999 | |c 44282 |d 44282 | ||
